[Event "HUN-chT2 Toth 1819"]
[Site "Hungary"]
[Date "2019.03.31"]
[Round "10.12"]
[White "Varga, Gabor"]
[Black "Kardos, Levente"]
[Result "1-0"]
[WhiteElo "1698"]
[BlackElo "1607"]
[PlyCount "91"]
[EventDate "2018.09.23"]
[EventType "team-tourn"]
[EventRounds "11"]
[EventCountry "HUN"]
[SourceTitle "EXT 2021"]
[Source "ChessBase"]
[SourceDate "2020.10.23"]
[SourceVersion "1"]
[SourceVersionDate "2020.10.23"]
[SourceQuality "1"]
[WhiteTeam "Szeged Meritum"]
[BlackTeam "Kecskemet Takisz"]
[WhiteTeamCountry "HUN"]
[BlackTeamCountry "HUN"]

1. e4 e6 2. d4 d5 3. Nd2 Nf6 4. e5 Nfd7 5. c3 c5 6. f4 Nc6 7. Ngf3 cxd4 8. Nxd4 Nxd4 9. cxd4 Be7 10. Bd3 Qb6 11. Nb3 a5 12. a4 Bb4+ 13. Ke2 0-0 14. Be3 Nb8 15. Qc2 h6 16. g4 Bd7 17. g5 h5 18. Rhg1 Rc8 19. Qb1 Be7 20. Nc5 Bxc5 21. dxc5 Qd8 22. Rg3 Be8 23. g6 f6 24. Qf1 d4 25. Bd2 f5 26. Qh3 h4 27. Rg5 Nd7 28. Rag1 Nf8 29. Qxh4 Bxg6 30. Qg3 Qe8 31. h4 Bh5+ 32. Ke1 Bg4 33. Bxf5 exf5 34. Rxf5 Qg6 35. Qxg4 Qxg4 36. Rxg4 Rxc5 37. Rfg5 Ne6 38. Rg6 Kf7 39. Kd1 Rg8 40. f5 Rxe5 41. fxe6+ Rxe6 42. Rxe6 Kxe6 43. Bxa5 Ke5 44. Bb6 d3 45. Kd2 Kf5 46. Rd4 1-0

[Event "HUN-chT2 Toth 1819"]
[Site "Hungary"]
[Date "2019.01.27"]
[Round "6.12"]
[White "Horvath, Dominik1111"]
[Black "Kardos, Levente"]
[Result "0-1"]
[WhiteElo "1249"]
[BlackElo "1607"]
[PlyCount "89"]
[EventDate "2018.09.23"]
[EventType "team-tourn"]
[EventRounds "11"]
[EventCountry "HUN"]
[SourceTitle "EXT 2021"]
[Source "ChessBase"]
[SourceDate "2020.10.23"]
[SourceVersion "1"]
[SourceVersionDate "2020.10.23"]
[SourceQuality "1"]
[WhiteTeam "Oroshaza"]
[BlackTeam "Kecskemet Takisz"]
[WhiteTeamCountry "HUN"]
[BlackTeamCountry "HUN"]

1. e4 e6 2. d4 d5 3. e5 c5 4. c3 Nc6 5. Nf3 Qb6 6. a3 cxd4 7. cxd4 Nh6 8. b4 Nf5 9. Bb2 a6 10. Be2 Bd7 11. 0-0 Rc8 12. g4 Nfe7 13. Nbd2 Ng6 14. Re1 Nf4 15. Bf1 h5 16. g5 h4 17. h3 Be7 18. Nb3 Rh5 19. Bc1 Bxg5 20. Nxg5 Rxg5+ 21. Kh2 Rf5 22. Be3 g5 23. Qg4 Qd8 24. Nc5 Rb8 25. Nd3 Nxd3 26. Bxd3 Qe7 27. Bxf5 exf5 28. Qxg5 Qxg5 29. Bxg5 Nxd4 30. Bxh4 Nf3+ 31. Kg2 Nxh4+ 32. Kg3 Ng6 33. Rac1 f4+ 34. Kg2 Nh4+ 35. Kh1 Bc6 36. e6 d4+ 37. Kg1 Nf3+ 38. Kf1 Nxe1 39. Rxe1 fxe6 40. Rxe6+ Kf7 41. Rd6 d3 42. Rxd3 Bb5 43. Ke2 Bxd3+ 44. Kxd3 Rh8 45. f3 0-1

[Event "HUN-chT2 Toth 1819"]
[Site "Hungary"]
[Date "2018.10.07"]
[Round "2.11"]
[White "Kardos, Levente"]
[Black "Rakovics, Janos"]
[Result "1-0"]
[WhiteElo "1607"]
[BlackElo "1597"]
[PlyCount "93"]
[EventDate "2018.09.23"]
[EventType "team-tourn"]
[EventRounds "11"]
[EventCountry "HUN"]
[SourceTitle "EXT 2021"]
[Source "ChessBase"]
[SourceDate "2020.10.23"]
[SourceVersion "1"]
[SourceVersionDate "2020.10.23"]
[SourceQuality "1"]
[WhiteTeam "Kecskemet Takisz"]
[BlackTeam "Bekes"]
[WhiteTeamCountry "HUN"]
[BlackTeamCountry "HUN"]

1. d4 Nf6 2. c4 d6 3. Nf3 Nbd7 4. Nc3 g6 5. e4 Bg7 6. Be2 0-0 7. 0-0 e5 8. d5 Nc5 9. Qc2 a5 10. Be3 b6 11. a3 Ng4 12. Bd2 f5 13. Ng5 Bf6 14. Ne6 Nxe6 15. dxe6 Bxe6 16. h3 Nxf2 17. Rxf2 f4 18. Nd5 Bh4 19. Rff1 Qg5 20. Qc3 Bg3 21. Rf3 Qh4 22. Be1 Bxe1 23. Qxe1 Qd8 24. b4 Bxd5 25. cxd5 axb4 26. axb4 Rxa1 27. Qxa1 Qa8 28. Ra3 Qd8 29. Qc1 h5 30. Ra7 Rf7 31. Qc6 Kg7 32. Ra8 Qe7 33. Re8 Qf6 34. Qa8 Kh6 35. Rh8+ Rh7 36. Qf8+ Qxf8 37. Rxf8 Re7 38. Bb5 Kg7 39. Rd8 Kf6 40. Rd7 g5 41. Rxe7 Kxe7 42. Be2 h4 43. Kf2 Kf6 44. Kf3 Kg7 45. Kg4 Kg6 46. Bf3 Kf6 47. Kh5 1-0

[Event "HUN-chT2 Toth 1819"]
[Site "Hungary"]
[Date "2018.09.23"]
[Round "1.1"]
[White "Kardos, Levente"]
[Black "Hideg, Istvan Benjamin"]
[Result "1-0"]
[WhiteElo "1607"]
[BlackElo "1113"]
[PlyCount "57"]
[EventDate "2018.09.23"]
[EventType "team-tourn"]
[EventRounds "11"]
[EventCountry "HUN"]
[SourceTitle "EXT 2021"]
[Source "ChessBase"]
[SourceDate "2020.10.23"]
[SourceVersion "1"]
[SourceVersionDate "2020.10.23"]
[SourceQuality "1"]
[WhiteTeam "Kecskemet Takisz"]
[BlackTeam "Felegyhaza Csongrad"]
[WhiteTeamCountry "HUN"]
[BlackTeamCountry "HUN"]

1. d4 d5 2. c4 c6 3. Nf3 Nf6 4. e3 e6 5. Nbd2 Nbd7 6. Bd3 Bd6 7. 0-0 0-0 8. e4 e5 9. Qc2 h6 10. b3 Re8 11. Bb2 c5 12. dxc5 dxe4 13. Nxe4 Nxe4 14. Bxe4 Nxc5 15. Rad1 Qc7 16. Rfe1 Nxe4 17. Qxe4 f6 18. Qd5+ Re6 19. Bd4 Bd7 20. c5 Bf8 21. Bxe5 fxe5 22. Qxd7 Qxd7 23. Rxd7 Bxc5 24. Rxe5 Rxe5 25. Nxe5 Rc8 26. g3 Rf8 27. Nd3 Bb6 28. Kf1 Rf5 29. Rxb7 1-0

[Event "HUN-chT2 Toth 1718"]
[Site "Hungary"]
[Date "2017.10.29"]
[Round "3.11"]
[White "Nagy, Gabor2222"]
[Black "Kardos, Levente"]
[Result "1/2-1/2"]
[WhiteElo "1818"]
[BlackElo "1374"]
[PlyCount "96"]
[EventDate "2017.09.24"]
[EventType "team-tourn"]
[EventRounds "11"]
[EventCountry "HUN"]
[SourceTitle "EXT 2021"]
[Source "ChessBase"]
[SourceDate "2020.10.23"]
[SourceVersion "1"]
[SourceVersionDate "2020.10.23"]
[SourceQuality "1"]
[WhiteTeam "Bekes"]
[BlackTeam "Kecskemet Takisz"]
[WhiteTeamCountry "HUN"]
[BlackTeamCountry "HUN"]

1. e4 e5 2. Nf3 Nc6 3. d4 exd4 4. Nxd4 Bc5 5. Be3 Bb6 6. Bc4 Nge7 7. 0-0 0-0 8. c3 Nxd4 9. Bxd4 Bxd4 10. Qxd4 d6 11. Nd2 Be6 12. Rad1 Nc6 13. Qe3 Ne5 14. Bb3 Qe7 15. f4 Nc6 16. f5 Bxb3 17. axb3 Ne5 18. Qg3 f6 19. Rf4 Nf7 20. Rg4 Ne5 21. Rh4 Nf7 22. Nf3 Ne5 23. Qh3 Nxf3+ 24. gxf3 h6 25. Kh1 Kf7 26. Rxh6 gxh6 27. Qh5+ Kg8 28. Rg1+ Qg7 29. Rxg7+ Kxg7 30. Qg6+ Kh8 31. Qxh6+ Kg8 32. Qg6+ Kh8 33. f4 Rae8 34. e5 dxe5 35. fxe5 Rxe5 36. Qh5+ Kg8 37. Qg4+ Kh8 38. h4 Re7 39. Qb4 Rff7 40. Qxb7 c6 41. Qxc6 Rg7 42. Qf3 Re1+ 43. Kh2 Kh7 44. c4 Rgg1 45. c5 Ref1 46. Qb7+ Kh6 47. c6 Rh1+ 48. Kg2 Rhg1+ 1/2-1/2